MARC

LEADER 00000nam0a2200000 4500
001 71131
005 20231101212548.0
010 |a 5020026190 
035 |a (RuTPU)RU\TPU\book\75712 
090 |a 71131 
100 |a 20041208d1988 k y0rusy50 ca 
101 0 |a rus 
102 |a RU 
105 |a a z 001zy 
200 1 |a Пирротины: кристаллическая и магнитная структура, фазовые превращения  |f Г. В. Новиков, В. К. Егоров, Ю. А. Соколов 
210 |a Москва  |c Наука  |d 1988 
215 |a 184 с.  |c ил. 
320 |a Библиогр.: с. 160-165, 183-184 
606 1 |a Пирротин  |x Минералогия  |2 stltpush  |3 (RuTPU)RU\TPU\subj\48812  |9 67651 
610 1 |a пирротины 
610 1 |a кристаллическая структура 
610 1 |a магнитная структура 
610 1 |a структурные модификации 
610 1 |a фазовые отношения 
610 1 |a ядерный гамма-резонанс 
610 1 |a химические превращения 
675 |a 549.3  |v 3 
700 1 |a Новиков  |b Г. В.  |g Геннадий Владимирович 
701 1 |a Егоров  |b В. К.  |g Владимир Константинович 
701 1 |a Соколов  |b Ю. А.  |g Юрий Алексеевич 
702 1 |a Дриц  |b В. А.  |4 340 
712 0 2 |a Академия наук СССР (АН СССР)  |b Институт экспериментальной минералогии (ИЭМ)  |c (Черноголовка)  |2 stltpush  |3 (RuTPU)RU\TPU\col\12441 
801 1 |a RU  |b 63413507  |c 20041208  |g PSBO 
801 2 |a RU  |b 63413507  |c 20130403  |g PSBO 
942 |c BK